000 00298nam a22001337a 4500
008 170607b xxu||||| |||| 00| 0 eng d
020 _a9780521788878
041 _aeng
080 _a327
100 _a18
101 _aSHP
245 _aFORGING DEMOCRACY FROM BELOW
_cWOOD.J
942 _2udc
_cBK
999 _c16274
_d16274